MARC

LEADER 00000nam0a2200000 4500
001 298465
005 20231102001115.0
020 |a RU  |b 84-71217 
035 |a (RuTPU)RU\TPU\book\323608 
090 |a 298465 
100 |a 20150618d1984 m y0rusy5003 ca 
101 0 |a rus 
102 |a RU 
105 |a a j 001zy 
200 1 |a Геологические условия разработки месторождений металлических полезных ископаемых  |e учебное пособие  |f В. В. Ершов  |g Московский горный институт (МГИ) 
210 |a Москва  |c Изд-во Московского горного ин-та  |d 1984 
215 |a 48 с.  |c ил. 
320 |a Библиогр.: с. 48 
606 1 |a Рудные месторождения  |x Системы разработки  |x Горногеологические условия  |2 stltpush  |3 (RuTPU)RU\TPU\subj\25995  |9 50021 
610 1 |a руды 
610 1 |a добыча 
610 1 |a металлические полезные ископаемые 
610 1 |a классификация 
610 1 |a свойства 
610 1 |a использование 
610 1 |a запасы 
610 1 |a геохимические особенности 
610 1 |a учебные пособия 
675 |a 622.34:622.27(075.8)  |z rus  |v 3 
700 1 |a Ершов  |b В.В.  |g Вадим Викторович  |4 070 
712 0 2 |a Московский горный институт (МГИ)  |c (1930-1962, 1966-1993)  |2 stltpush  |3 (RuTPU)RU\TPU\col\3944 
801 0 |a RU  |b RuMRKP  |c 19950704  |g psbo 
801 1 |a RU  |b 63413507  |c 20150618 
801 2 |a RU  |b 63413507  |c 20180608  |g RCR 
942 |c BK